| 000 | 01065nac a22002771i 4500 | ||
|---|---|---|---|
| 003 | EG-ScBUE | ||
| 005 | 20240331130130.0 | ||
| 008 | 240331s1980 nyuae f b 000 0 eng d | ||
| 020 | _a0918986281 | ||
| 040 |
_aEG-ScBUE _beng _erda _cEG-ScBUE _dEG-ScBUE |
||
| 043 | _af-ua--- | ||
| 082 | 0 | 4 |
_a932.014 _bMUN _222 |
| 100 | 1 |
_aMurnane, William J., _eauthor. |
|
| 245 | 1 | 0 |
_aUnited with eternity : _ba concise guide to the monuments of Medinet Habu / _cby William J. Murnane ; with a foreword by Kent R. Weeks. |
| 264 | 1 |
_aChicago : _bOriental Institute, University of Chicago : _bThe American University in Cairo Press, _c1980. |
|
| 300 |
_av, 90 pages : _billustrations, plans ; _c18 cm |
||
| 336 |
_2rdacontent _atext _btxt |
||
| 337 |
_aunmediated _2rdamedia _bn |
||
| 338 |
_avolume _bnc _2rdacarrier |
||
| 504 | _aIncludes bibliographical references. | ||
| 650 | 7 |
_aTemples _zEgypt _zMedinet-Abu. _2BUEsh |
|
| 651 | 7 |
_aHåabåu (Ancient city) _2BUEsh |
|
| 655 | _vReading book | ||
| 700 | 1 |
_aWeeks, Kent R., _eAuthor of introduction, etc. |
|
| 942 |
_cBB _2ddc |
||
| 999 |
_c9690 _d9690 |
||